[Event "HZ Chess Tournament 2023"]
[Site "Vlissingen, Netherlands"]
[Date "2023.08.08"]
[Round "5.33"]
[White "Smeets, Sjo"]
[Black "Hekhuis, Jeroen"]
[Result "0-1"]
[WhiteElo "1901"]
[BlackElo "2123"]
[PlyCount "74"]

1. Nf3 d5 2. g3 g6 3. Bg2 Bg7 4. c4 c6 5. O-O Nf6 6. d4 O-O 7. b3 dxc4 8. bxc4
c5 9. Bb2 cxd4 10. Bxd4 Nc6 11. Bc3 Qc7 12. Nbd2 Rd8 13. Qc2 Bf5 14. Qb2 Rac8
15. Nb3 b6 16. Rac1 Bh6 17. Nfd2 Na5 18. e3 Bd3 19. Be5 Qd7 20. Nxa5 Bxf1 21.
Nxf1 bxa5 22. Bxf6 exf6 23. c5 Bf8 24. c6 Qd6 25. h4 a4 26. Rc2 a3 27. Qc1 Qd1
28. Qxd1 Rxd1 29. Rd2 Rd8 30. Rc2 Rb1 31. c7 Rc8 32. Bh3 f5 33. e4 Rb7 34. Ne3
Rcxc7 35. Rd2 fxe4 36. Nd5 Rc1+ 37. Kh2 Rb2 0-1

[Event "HZ Chess Tournament 2023"]
[Site "Vlissingen, Netherlands"]
[Date "2023.08.08"]
[Round "5.34"]
[White "Van Egmond, Tom"]
[Black "Verduyn, Frederic"]
[Result "0-1"]
[WhiteElo "1899"]
[BlackElo "2119"]
[PlyCount "88"]

1. d4 Nf6 2. Bg5 g6 3. Bxf6 exf6 4. c4 d5 5. cxd5 Qxd5 6. Nc3 Qd8 7. h4 h5 8.
g3 Bd6 9. Bh3 Nd7 10. Nf3 f5 11. e3 O-O 12. O-O Re8 13. Ng5 Be7 14. Nf3 Nf6 15.
Ne5 Bd6 16. Nd3 Ne4 17. Nf4 Bxf4 18. exf4 c6 19. Bg2 Nxc3 20. bxc3 Be6 21. Re1
Rc8 22. Rb1 Rc7 23. d5 cxd5 24. Bxd5 Rd7 25. c4 Bxd5 26. Rxe8+ Qxe8 27. cxd5
Qe4 28. Rb5 Qc4 29. Qb3 Qxb3 30. Rxb3 b6 31. Rd3 Kf8 32. Kf1 Ke7 33. Ke2 Kd6
34. Kd2 Rc7 35. Ke3 Rc5 36. Ra3 a5 37. Rb3 b5 38. Ra3 b4 39. Rd3 Rxd5 40. Rd4
Kc5 41. Rd2 Rxd2 42. Kxd2 Kc4 43. Kc2 a4 44. Kd2 b3 0-1

[Event "HZ Chess Tournament 2023"]
[Site "Vlissingen, Netherlands"]
[Date "2023.08.08"]
[Round "5.35"]
[White "Woltery, Nicolai"]
[Black "Finkenflugel, Renzo"]
[Result "1/2-1/2"]
[WhiteElo "1894"]
[BlackElo "2113"]
[PlyCount "60"]

1. c4 f5 2. Nc3 Nf6 3. g3 e6 4. Bg2 Be7 5. e4 fxe4 6. Nxe4 O-O 7. Nxf6+ Bxf6 8.
Ne2 d5 9. Qb3 c6 10. d4 b6 11. cxd5 exd5 12. O-O Ba6 13. Re1 Bxe2 14. Rxe2 Bxd4
15. Rd2 Qf6 16. Bxd5+ Kh8 17. Bf3 Na6 18. Kg2 Nc5 19. Qd1 Rad8 20. Rc2 Bxf2 21.
Qe2 Bd4 22. Bd2 Rde8 23. Qf1 Bxb2 24. Re1 Rxe1 25. Bxe1 Bd4 26. Bb4 a5 27. Bxc5
Bxc5 28. Qd3 Qd4 29. Qxd4 Bxd4 30. Bxc6 Rc8 1/2-1/2

[Event "HZ Chess Tournament 2023"]
[Site "Vlissingen, Netherlands"]
[Date "2023.08.08"]
[Round "5.36"]
[White "Molenaar, Toine"]
[Black "Arnold, Rhys"]
[Result "0-1"]
[WhiteElo "1890"]
[BlackElo "2098"]
[PlyCount "104"]

1. d4 d5 2. c4 e6 3. Nf3 a6 4. g3 dxc4 5. Bg2 Nc6 6. e3 Rb8 7. Nfd2 Nb4 8. Nxc4
c5 9. O-O Nf6 10. Bd2 Bd7 11. dxc5 Bxc5 12. Bc3 Bc6 13. Qb3 Bxg2 14. Kxg2 Nc6
15. Ne5 Qc7 16. Nd3 Be7 17. Rc1 O-O 18. Nd2 Qd7 19. Nb4 Nxb4 20. Bxb4 Bxb4 21.
Qxb4 Rbc8 22. Nf3 Rfd8 23. Rd1 Nd5 24. Qb3 Qe7 25. Rd4 Nf6 26. Rad1 Rxd4 27.
Rxd4 h6 28. Qd1 Qc7 29. Qd2 e5 30. Rb4 Qc6 31. Qc3 Qxc3 32. bxc3 e4 33. Nd2
Rxc3 34. Nxe4 Nxe4 35. Rxe4 Ra3 36. Re8+ Kh7 37. Re7 b5 38. Rxf7 Rxa2 39. e4 a5
40. Kf3 Kg6 41. Rf8 Ra1 42. Ke2 a4 43. Rb8 Rb1 44. Rb6+ Kf7 45. Ra6 Rb3 46. Kd2
a3 47. f4 b4 48. Ra4 Ke6 49. Ra6+ Kd7 50. e5 Rb2+ 51. Kc1 Rxh2 52. Ra4 a2 0-1

[Event "HZ Chess Tournament 2023"]
[Site "Vlissingen, Netherlands"]
[Date "2023.08.08"]
[Round "5.37"]
[White "Baarslag, Ed"]
[Black "Hendrikse, Ad"]
[Result "1-0"]
[WhiteElo "2086"]
[BlackElo "1894"]
[PlyCount "87"]

1. d4 d5 2. c4 e6 3. Nc3 Nf6 4. Nf3 Be7 5. Bg5 Nbd7 6. e3 O-O 7. Rc1 c6 8. Bd3
Re8 9. O-O Nf8 10. Qc2 Ng6 11. Rfe1 dxc4 12. Bxc4 Nd7 13. Bxe7 Qxe7 14. Ne4 h6
15. Ng3 Ndf8 16. Ne5 Bd7 17. Bd3 Kh7 18. Nh5 Rec8 19. Nf4 Be8 20. Qc5 Kg8 21.
Nfxg6 Nxg6 22. Bxg6 Qxc5 23. Bxf7+ Bxf7 24. Rxc5 Rd8 25. Rec1 Rd5 26. Kf1 Rad8
27. Ke2 Rxc5 28. Rxc5 Kf8 29. Ra5 a6 30. Rc5 Ke7 31. a4 Be8 32. a5 Kd6 33. Nc4+
Ke7 34. h4 Bg6 35. Nd2 Rd7 36. f3 Rd8 37. Re5 Rd7 38. Nb3 Bf7 39. Nc5 Rc7 40.
f4 Kd6 41. Ne4+ Ke7 42. f5 Kd7 43. g4 h5 44. Nc5+ 1-0

[Event "HZ Chess Tournament 2023"]
[Site "Vlissingen, Netherlands"]
[Date "2023.08.08"]
[Round "5.38"]
[White "Van der Zalm, Marnix"]
[Black "Van Roestel, Jan"]
[Result "1-0"]
[WhiteElo "2083"]
[BlackElo "1846"]
[PlyCount "31"]

1. g3 e5 2. Bg2 Nc6 3. d3 f5 4. Nf3 Bc5 5. c3 Bb6 6. O-O Nf6 7. e4 fxe4 8. dxe4
O-O 9. Nbd2 a6 10. Nc4 Ba7 11. Nfxe5 Nxe5 12. Nxe5 Qe7 13. Nc4 Nxe4 14. Qd5+
Qf7 15. Qxf7+ Rxf7 16. Bxe4 1-0

[Event "HZ Chess Tournament 2023"]
[Site "Vlissingen, Netherlands"]
[Date "2023.08.08"]
[Round "5.39"]
[White "De Man, Luuk"]
[Black "Coenen, Eduard"]
[Result "1/2-1/2"]
[WhiteElo "1889"]
[BlackElo "2069"]
[PlyCount "65"]

1. e4 g6 2. d4 c6 3. Nc3 d6 4. f4 d5 5. e5 h5 6. Nf3 Bg4 7. h3 Bxf3 8. Qxf3 e6
9. Bd3 c5 10. O-O cxd4 11. Ne2 Bc5 12. b3 Nh6 13. Bb2 Nc6 14. a3 a5 15. b4 axb4
16. axb4 Rxa1 17. Rxa1 Nxb4 18. Bxd4 Bxd4+ 19. Nxd4 O-O 20. Rb1 Nxd3 21. Qxd3
Qc7 22. Nxe6 fxe6 23. Qxg6+ Qg7 24. Qxe6+ Kh8 25. Qxd5 Rxf4 26. Rxb7 Qf8 27.
Qb5 Qa3 28. Qe8+ Rf8 29. Qg6 Qa1+ 30. Kh2 Qxe5+ 31. Kg1 Qe3+ 32. Kh2 Qf4+ 33.
Kg1 1/2-1/2

[Event "HZ Chess Tournament 2023"]
[Site "Vlissingen, Netherlands"]
[Date "2023.08.08"]
[Round "5.40"]
[White "Romkes, Abel"]
[Black "Van de Breevaart, Rick"]
[Result "1/2-1/2"]
[WhiteElo "2064"]
[BlackElo "1779"]
[PlyCount "72"]

1. d4 Nf6 2. c4 e6 3. Nc3 Bb4 4. Qc2 c5 5. dxc5 Na6 6. a3 Bxc3+ 7. Qxc3 Nxc5 8.
f3 d6 9. e4 b6 10. Be3 Bb7 11. Rd1 Qc7 12. Ne2 Rd8 13. b4 Ncd7 14. Nd4 a6 15.
Be2 d5 16. exd5 Nxd5 17. Qd2 Nxe3 18. Qxe3 O-O 19. O-O Nf6 20. Rd2 Rd7 21. Rfd1
Rfd8 22. Nb3 Rxd2 23. Rxd2 Rxd2 24. Qxd2 h6 25. Qd4 e5 26. Qe3 Nd7 27. Kf2 f5
28. f4 Be4 29. g3 exf4 30. gxf4 g5 31. Qg3 g4 32. Qe3 Qd6 33. c5 bxc5 34. Nxc5
Nxc5 35. bxc5 Qf6 36. Qb3+ Kg7 1/2-1/2

[Event "HZ Chess Tournament 2023"]
[Site "Vlissingen, Netherlands"]
[Date "2023.08.08"]
[Round "5.41"]
[White "Juergens, Florian"]
[Black "Bier, Bela"]
[Result "1/2-1/2"]
[WhiteElo "1874"]
[BlackElo "2008"]
[PlyCount "43"]

1. e4 c5 2. c3 Nf6 3. e5 Nd5 4. d4 cxd4 5. cxd4 d6 6. Bc4 e6 7. Nf3 Nc6 8. O-O
Nb6 9. Bb5 Bd7 10. Bg5 Be7 11. Bxe7 Qxe7 12. Nc3 O-O 13. d5 Nxe5 14. Nxe5 dxe5
15. Bxd7 Qxd7 16. dxe6 Qxe6 17. Re1 f6 18. Rc1 Qf5 19. Nd5 Kh8 20. Nxb6 axb6
21. Qd6 h6 22. Rc7 1/2-1/2

[Event "HZ Chess Tournament 2023"]
[Site "Vlissingen, Netherlands"]
[Date "2023.08.08"]
[Round "5.42"]
[White "Vos de Wael, Alexander"]
[Black "Vedant Kumar Saravana"]
[Result "1-0"]
[WhiteElo "1760"]
[BlackElo "1993"]
[PlyCount "69"]

1. d4 d5 2. c4 c6 3. cxd5 cxd5 4. Bf4 Nc6 5. e3 Nf6 6. Nc3 a6 7. Be2 Bf5 8. Nf3
e6 9. Qb3 Bd6 10. Bxd6 Qxd6 11. Qxb7 O-O 12. Qb3 Rfb8 13. Qa3 Nb4 14. O-O Qd8
15. Ne1 Qc7 16. Rd1 h6 17. Rd2 Ne8 18. Bd3 Nd6 19. Na4 Bxd3 20. Nxd3 Nc4 21.
Qc3 Nxa2 22. Qc2 Qa5 23. Rdd1 Nb4 24. Nxb4 Qxb4 25. Ra1 Nxb2 26. Rfb1 Qxa4 27.
Rxa4 Nxa4 28. Rxb8+ Rxb8 29. g3 Nb2 30. Qc7 Rf8 31. Qb6 Nc4 32. Qxa6 Rd8 33. h4
h5 34. Qb7 g6 35. Kg2 1-0

[Event "HZ Chess Tournament 2023"]
[Site "Vlissingen, Netherlands"]
[Date "2023.08.08"]
[Round "5.44"]
[White "Van de Griend, Johan"]
[Black "Grutter, Tim"]
[Result "0-1"]
[WhiteElo "1752"]
[BlackElo "2349"]
[PlyCount "58"]

1. e4 c6 2. d4 d5 3. Nc3 dxe4 4. Nxe4 Nf6 5. Nxf6+ exf6 6. Bf4 Bd6 7. Bxd6 Qxd6
8. Qd3 O-O 9. O-O-O Be6 10. Kb1 Na6 11. a3 b5 12. Qg3 Qd7 13. Bd3 Nc7 14. Ne2
b4 15. axb4 a5 16. Nf4 axb4 17. Nh5 Ne8 18. Qh4 f5 19. g4 Qd5 20. Kc1 Qxd4 21.
Rhg1 Ra2 22. Qe7 Qxf2 23. Kb1 Qd4 24. Kc1 Qxb2+ 25. Kd2 Qc3+ 26. Ke2 Bc4 27.
Qd7 Qxc2+ 28. Kf3 Bd5+ 29. Kf4 Qxh2+ 0-1

[Event "HZ Chess Tournament 2023"]
[Site "Vlissingen, Netherlands"]
[Date "2023.08.08"]
[Round "5.45"]
[White "Van Baar, Esper"]
[Black "Hematyar, Fardin"]
[Result "1-0"]
[WhiteElo "2179"]
[BlackElo "1810"]
[PlyCount "79"]

1. e4 e5 2. Nf3 Nc6 3. Bc4 Nf6 4. d3 h6 5. O-O d6 6. Nc3 Bg4 7. Be3 Na5 8. a4
Nxc4 9. dxc4 a5 10. Qd3 Bxf3 11. gxf3 Nh5 12. c5 c6 13. cxd6 Bxd6 14. Rfd1 Bc7
15. Ra3 Qxd3 16. Rxd3 b6 17. Ne2 g6 18. Rac3 c5 19. Ra3 f5 20. Nc3 Nf6 21. Nb5
Bb8 22. exf5 gxf5 23. Nd6+ Bxd6 24. Rxd6 Nd7 25. Rad3 O-O-O 26. Bxh6 Rh7 27. h4
Re8 28. Bg5 Kc7 29. Rh6 Rxh6 30. Bxh6 e4 31. Bf4+ Kc8 32. Re3 Nf6 33. fxe4 fxe4
34. Re2 Kd7 35. Bg5 Nd5 36. Kh2 Kd6 37. f3 e3 38. c4 Nb4 39. Bf4+ Kc6 40. Rxe3
1-0

[Event "HZ Chess Tournament 2023"]
[Site "Vlissingen, Netherlands"]
[Date "2023.08.08"]
[Round "5.46"]
[White "De Cuyper, Yago"]
[Black "Hoffman, Ron"]
[Result "0-1"]
[WhiteElo "1842"]
[BlackElo "2028"]
[PlyCount "64"]

1. d4 Nf6 2. c4 e6 3. Nf3 b6 4. g3 Bb7 5. Bg2 Be7 6. O-O O-O 7. Qc2 c5 8. dxc5
bxc5 9. Nc3 d5 10. cxd5 exd5 11. Rd1 Nbd7 12. b3 d4 13. Na4 Be4 14. Qd2 Nb6 15.
Qa5 Nxa4 16. Qxa4 Qd5 17. Bb2 Rab8 18. Rac1 Rb4 19. Qa6 Rfb8 20. Ne1 Bxg2 21.
Nxg2 Bd6 22. Ne3 Qe6 23. Ng2 R4b6 24. Qd3 Qh3 25. f3 Re8 26. Ba3 Nh5 27. f4 Nf6
28. Ne1 Re3 29. Qd2 Ne4 30. Qc2 Bxf4 31. Rxd4 Rxg3+ 32. hxg3 Be3# 0-1

[Event "HZ Chess Tournament 2023"]
[Site "Vlissingen, Netherlands"]
[Date "2023.08.08"]
[Round "5.47"]
[White "Verwoert, Jef"]
[Black "Bon, Gijs"]
[Result "1-0"]
[WhiteElo "2023"]
[BlackElo "1787"]
[PlyCount "69"]

1. e4 c5 2. d4 cxd4 3. Nf3 e5 4. c3 dxc3 5. Nxc3 d6 6. Bc4 Be7 7. Qb3 Be6 8.
Bxe6 fxe6 9. Qxe6 Qd7 10. Ng5 Nh6 11. Nd5 Nc6 12. Be3 Nd8 13. Qxd7+ Kxd7 14.
Rc1 Nc6 15. h3 Bxg5 16. Bxg5 Nf7 17. Be3 Rhc8 18. Kd2 Nfd8 19. Rc3 Na5 20. Rhc1
Rxc3 21. Rxc3 Nac6 22. Ra3 Rc8 23. Bxa7 Nxa7 24. Rxa7 Rb8 25. Ra3 Ne6 26. Rc3
b5 27. Rf3 Ng5 28. Re3 Rf8 29. f3 Ne6 30. Ra3 Kc6 31. Ra6+ Kb7 32. Rxd6 Nd4 33.
Rd7+ Ka6 34. Re7 Rc8 35. Rxe5 1-0

[Event "HZ Chess Tournament 2023"]
[Site "Vlissingen, Netherlands"]
[Date "2023.08.08"]
[Round "5.48"]
[White "Boulahfa, Hicham"]
[Black "Kompaan, Rick"]
[Result "1/2-1/2"]
[WhiteElo "2001"]
[BlackElo "1771"]
[PlyCount "140"]

1. e4 c6 2. d4 d5 3. Nc3 dxe4 4. Nxe4 Nf6 5. Nxf6+ exf6 6. Nf3 Bd6 7. Be2 O-O
8. O-O Re8 9. Re1 Nd7 10. Be3 Nf8 11. Qd2 Ng6 12. Rad1 a5 13. d5 c5 14. Bb5 Bd7
15. Qd3 Ne5 16. Nxe5 fxe5 17. a4 f5 18. Bxd7 Qxd7 19. Qb5 Qxb5 20. axb5 b6 21.
c4 Kf7 22. Bd2 Re7 23. Be3 e4 24. Re2 Rae8 25. Rde1 g5 26. Bd2 Kg6 27. f3 exf3
28. Rxe7 Rxe7 29. Rxe7 Bxe7 30. gxf3 Bd6 31. Kg2 g4 32. fxg4 fxg4 33. b3 h5 34.
Be1 Bc7 35. Bh4 Kf7 36. d6 Bxd6 37. Bd8 h4 38. Bxb6 h3+ 39. Kg1 Ke8 40. Bxa5
Kd7 41. Bd2 Kc7 42. Be3 Kd7 43. Bg5 Kc8 44. Bf6 Kd7 45. Bc3 Kc8 46. Bd2 Kd7 47.
Be3 Kc7 48. Kf1 Kd7 49. Bg1 Ke6 50. Be3 Kd7 51. Kf2 Kc8 52. Bxc5 Bxc5+ 53. Kg3
Bd6+ 54. Kxg4 Bxh2 55. Kxh3 Bd6 56. Kg4 Kb7 57. Kf5 Kb6 58. Ke6 Bc5 59. Kd5 Bb4
60. Kd4 Ba3 61. Kc3 Kc5 62. Kd3 Bb4 63. Ke4 Kb6 64. Kf5 Bc5 65. Kg6 Ka5 66. Kf7
Kb4 67. Ke6 Kxb3 68. Kd5 Kb4 69. Kc6 Kxc4 70. b6 Bxb6 1/2-1/2

[Event "HZ Chess Tournament 2023"]
[Site "Vlissingen, Netherlands"]
[Date "2023.08.08"]
[Round "5.49"]
[White "Nellen, Marcel"]
[Black "Tibke, Jonas"]
[Result "0-1"]
[WhiteElo "1809"]
[BlackElo "1996"]
[PlyCount "58"]

1. d4 Nf6 2. c4 e6 3. Nf3 b6 4. g3 Bb7 5. Bg2 Be7 6. O-O O-O 7. Nc3 Ne4 8. Qc2
Nxc3 9. bxc3 f5 10. d5 c5 11. Ne5 d6 12. Nc6 Bxc6 13. dxc6 Qc7 14. e4 Nxc6 15.
exf5 exf5 16. Rd1 Rae8 17. h4 Kh8 18. Bf4 Ne5 19. Bd5 Ng6 20. Bd2 f4 21. h5
fxg3 22. hxg6 gxf2+ 23. Kg2 Qd7 24. Qe4 Bg5 25. Rh1 h6 26. Qd3 Qg4+ 27. Kf1 Bh4
28. Bf7 Re5 29. Rxh4 Qg1# 0-1

[Event "HZ Chess Tournament 2023"]
[Site "Vlissingen, Netherlands"]
[Date "2023.08.09"]
[Round "6.1"]
[White "Ter-Sahakyan, Samvel"]
[Black "Leenhouts, Koen"]
[Result "1-0"]
[WhiteElo "2604"]
[BlackElo "2446"]
[PlyCount "73"]

1. e4 e6 2. d4 d5 3. e5 c5 4. c3 Nc6 5. Nf3 Nge7 6. Na3 Bd7 7. Bd3 cxd4 8. cxd4
Nf5 9. Nc2 Nb4 10. Nxb4 Bxb4+ 11. Bd2 Qb6 12. Bxb4 Qxb4+ 13. Qd2 Qb6 14. Bxf5
exf5 15. O-O O-O 16. Rfc1 Rfc8 17. h4 h6 18. b3 a5 19. Rxc8+ Rxc8 20. Rc1 Rc7
21. Rxc7 Qxc7 22. Ne1 Bb5 23. g3 a4 24. Ng2 axb3 25. axb3 Bd7 26. Nf4 Be6 27.
Kg2 Kh7 28. Ne2 Qb6 29. Qd3 Kg8 30. Qc3 Kh7 31. Nf4 Qa7 32. Qd3 Kg8 33. h5 Qa1
34. Qb5 Qxd4 35. Qe8+ Kh7 36. Ng6 fxg6 37. hxg6# 1-0

[Event "HZ Chess Tournament 2023"]
[Site "Vlissingen, Netherlands"]
[Date "2023.08.09"]
[Round "6.2"]
[White "Ikonnikov, Vyacheslav"]
[Black "Dardha, Daniel"]
[Result "1/2-1/2"]
[WhiteElo "2467"]
[BlackElo "2598"]
[PlyCount "54"]

1. d4 g6 2. Nf3 Bg7 3. e4 a6 4. c4 d6 5. Be2 Nf6 6. Nc3 Bg4 7. Be3 Nfd7 8. Ng1
Bxe2 9. Ngxe2 c5 10. O-O Nc6 11. b3 cxd4 12. Nxd4 Qa5 13. Nxc6 bxc6 14. Bd4 O-O
15. Bxg7 Kxg7 16. Qd4+ Qe5 17. Qe3 a5 18. Rfe1 Qc5 19. Qg3 Rfd8 20. Na4 Qa7 21.
Rad1 f6 22. h4 Nc5 23. Nxc5 Qxc5 24. Kh2 a4 25. f4 axb3 26. axb3 Qh5 27. Rd3
Rab8 1/2-1/2

[Event "HZ Chess Tournament 2023"]
[Site "Vlissingen, Netherlands"]
[Date "2023.08.09"]
[Round "6.3"]
[White "Vrolijk, Liam"]
[Black "Maatman, Nick"]
[Result "1/2-1/2"]
[WhiteElo "2517"]
[BlackElo "2362"]
[PlyCount "91"]

1. Nf3 d5 2. e3 Nf6 3. c4 e6 4. Nc3 dxc4 5. Bxc4 a6 6. a4 c5 7. O-O Be7 8. Qe2
O-O 9. Rd1 Nc6 10. d4 cxd4 11. exd4 Nb4 12. Ne5 Re8 13. Qf3 Qc7 14. Bf4 Bd6 15.
Rac1 Nc6 16. Be2 Nxd4 17. Rxd4 Bxe5 18. Nb5 Qxc1+ 19. Bxc1 axb5 20. Rd1 bxa4
21. Bb5 Rf8 22. Qe2 Bc7 23. Bg5 Nd5 24. Qc2 Be5 25. Bc1 Rd8 26. Qe4 Bf6 27.
Bxa4 Bd7 28. Bc2 g6 29. Qf3 Bg7 30. Bg5 Rdc8 31. Be4 Bxb2 32. Bxd5 exd5 33.
Qxd5 Bc6 34. Qd2 Ra1 35. Rxa1 Bxa1 36. h4 h5 37. Qd6 Re8 38. Bf6 Bxf6 39. Qxf6
Re6 40. Qd8+ Kg7 41. Qd4+ Kg8 42. f3 Re2 43. Qd8+ Re8 44. Qd6 Re2 45. Qd8+ Re8
46. Qd6 1/2-1/2

[Event "HZ Chess Tournament 2023"]
[Site "Vlissingen, Netherlands"]
[Date "2023.08.09"]
[Round "6.4"]
[White "Zwirs, Nico"]
[Black "Schoppen, Casper"]
[Result "0-1"]
[WhiteElo "2443"]
[BlackElo "2498"]
[PlyCount "66"]

1. e4 e5 2. Nf3 Nc6 3. Bc4 Nf6 4. Ng5 d5 5. exd5 b5 6. Bf1 Nxd5 7. Bxb5 Bb7 8.
d4 exd4 9. O-O Be7 10. Nf3 O-O 11. Bxc6 Bxc6 12. Nxd4 Bb7 13. Nd2 Re8 14. N2f3
Bf6 15. c4 Nb4 16. Be3 Qc8 17. a3 Nc6 18. Ne2 Bxb2 19. Ra2 Bf6 20. Nf4 Ne7 21.
Nh5 Qf5 22. Nxf6+ Qxf6 23. Qd4 Qg6 24. Nh4 Qh5 25. Rb2 Bc6 26. h3 Nc8 27. Qc5
Qxc5 28. Bxc5 Re4 29. Rd1 Nb6 30. Rbd2 Nd7 31. Nf5 Nxc5 32. Rd8+ Rxd8 33. Rxd8+
Be8 0-1

[Event "HZ Chess Tournament 2023"]
[Site "Vlissingen, Netherlands"]
[Date "2023.08.09"]
[Round "6.5"]
[White "Honkoop, Gilian"]
[Black "Krasenkow, Michal"]
[Result "0-1"]
[WhiteElo "2193"]
[BlackElo "2524"]
[PlyCount "86"]

1. d4 d6 2. Nf3 Bg4 3. e4 Nf6 4. h3 Bh5 5. Qe2 Bxf3 6. Qxf3 c6 7. Be3 e6 8. Nd2
Be7 9. Bd3 O-O 10. g4 d5 11. O-O-O Nbd7 12. Kb1 dxe4 13. Nxe4 Nxe4 14. Qxe4 Nf6
15. Qf3 Qa5 16. h4 Qd5 17. Qe2 b5 18. g5 Ne8 19. Qg4 Nd6 20. h5 f5 21. gxf6
Bxf6 22. Rhg1 Nf5 23. Be4 Qd7 24. Qf3 Ne7 25. Qe2 Rad8 26. Bg5 Nf5 27. Bxf6
Rxf6 28. Qd3 Kh8 29. Qc3 Rc8 30. Qd3 Qe8 31. Qh3 Qf7 32. Rge1 Ne7 33. Bd3 Nd5
34. Re5 Nf4 35. Qe3 Nxh5 36. Re1 Nf4 37. Bf1 Rf8 38. a3 Nd5 39. Qh3 Rh6 40. Qg4
Qxf2 41. Rxe6 Rh1 42. R6e2 Qf4 43. Qg2 Rxf1 0-1

[Event "HZ Chess Tournament 2023"]
[Site "Vlissingen, Netherlands"]
[Date "2023.08.09"]
[Round "6.6"]
[White "Provoost, Simon"]
[Black "Ghazarian, Kirk"]
[Result "0-1"]
[WhiteElo "2198"]
[BlackElo "2469"]
[PlyCount "128"]

1. d4 Nf6 2. Bf4 e6 3. e3 c5 4. c3 Nc6 5. Nd2 h6 6. Ngf3 Nh5 7. dxc5 Nxf4 8.
exf4 Bxc5 9. Ne4 Be7 10. Nd6+ Bxd6 11. Qxd6 Qe7 12. Qd2 O-O 13. Be2 d6 14. O-O
Rd8 15. Rfe1 b6 16. Rad1 Bb7 17. Qe3 Qf6 18. Bd3 Ne7 19. Be4 Bxe4 20. Qxe4 Rac8
21. g3 Rc7 22. Kg2 Qf5 23. Qxf5 Nxf5 24. Nd4 Ne7 25. h4 h5 26. Re2 a6 27. Red2
g6 28. Nc2 d5 29. Nd4 Rb8 30. a3 b5 31. Re2 a5 32. Re3 Nc8 33. f3 Nd6 34. g4
Rb6 35. Re2 b4 36. cxb4 axb4 37. axb4 Rxb4 38. gxh5 gxh5 39. f5 Rcc4 40. Red2
e5 41. Nc2 Rxb2 42. Ne3 Rxd2+ 43. Rxd2 Rd4 44. Rxd4 exd4 45. Nxd5 Kg7 46. f6+
Kg6 47. Nf4+ Kh6 48. Kf2 Nf5 49. Ng2 Kg6 50. Nf4+ Kxf6 51. Nxh5+ Ke5 52. Ke2
Nxh4 53. Ng3 Kf4 54. Nh5+ Ke5 55. Ng3 f5 56. Nh5 Kd5 57. Ng3 Kc4 58. f4 Kc3 59.
Kd1 Kd3 60. Ke1 Kc2 61. Ne2 Nf3+ 62. Kf2 d3 63. Ng3 Nd4 64. Nf1 d2 0-1

[Event "HZ Chess Tournament 2023"]
[Site "Vlissingen, Netherlands"]
[Date "2023.08.09"]
[Round "6.7"]
[White "Pfreundt, Jakob"]
[Black "Labruyere, Roger"]
[Result "1-0"]
[WhiteElo "2427"]
[BlackElo "2191"]
[PlyCount "109"]

1. d4 Nf6 2. Nf3 d5 3. c3 Bf5 4. Qb3 Qc8 5. c4 dxc4 6. Qxc4 Nbd7 7. Nc3 Nb6 8.
Qb3 e6 9. Nh4 Bg6 10. Nxg6 hxg6 11. g3 Qd7 12. Bg2 c6 13. e3 Bd6 14. Bd2 O-O
15. Rd1 Qe7 16. O-O e5 17. dxe5 Bxe5 18. Ne2 Rfd8 19. Bb4 Bd6 20. Ba5 Bc7 21.
Bb4 Bd6 22. Bxd6 Rxd6 23. Rxd6 Qxd6 24. Rd1 Qe7 25. Qd3 Nbd5 26. Qd4 a5 27. e4
Nc7 28. e5 Nfd5 29. Nc3 Nxc3 30. Qxc3 Nb5 31. Qe3 Re8 32. h4 Qc7 33. f4 Rd8 34.
Rxd8+ Qxd8 35. e6 Qe7 36. exf7+ Qxf7 37. Qd3 Qf6 38. Qb3+ Kh7 39. Kh2 a4 40.
Qb4 Qd4 41. Qxd4 Nxd4 42. Be4 Kh6 43. Kg2 b5 44. g4 c5 45. Kf2 b4 46. Bd3 a3
47. bxa3 bxa3 48. Ke3 Ne6 49. Ke4 Nd4 50. Kd5 Nb3 51. Bc4 Nd4 52. Kxc5 Nf3 53.
Kb4 Nxh4 54. Bd5 g5 55. f5 1-0

[Event "HZ Chess Tournament 2023"]
[Site "Vlissingen, Netherlands"]
[Date "2023.08.09"]
[Round "6.8"]
[White "Goudriaan, Rafael"]
[Black "Van Delft, Merijn"]
[Result "1-0"]
[WhiteElo "1990"]
[BlackElo "2369"]
[PlyCount "47"]

1. e4 c5 2. Nf3 d6 3. Bb5+ Nd7 4. a4 Ngf6 5. Nc3 e6 6. a5 a6 7. Be2 Be7 8. O-O
O-O 9. d4 cxd4 10. Nxd4 Qc7 11. f4 Re8 12. Be3 Bf8 13. Nb3 b5 14. axb6 Nxb6 15.
Qd4 Nfd7 16. f5 exf5 17. exf5 Nc5 18. Na5 Rb8 19. Bf3 Bxf5 20. Nc6 Rbc8 21. b4
Ncd7 22. Rxa6 d5 23. Nxd5 Nxd5 24. Bxd5 1-0

[Event "HZ Chess Tournament 2023"]
[Site "Vlissingen, Netherlands"]
[Date "2023.08.09"]
[Round "6.9"]
[White "Rodriguez Fontecha, Marcos"]
[Black "Duijker, Rick"]
[Result "0-1"]
[WhiteElo "2309"]
[BlackElo "2198"]
[PlyCount "118"]

1. d4 Nf6 2. Nf3 c5 3. d5 b5 4. a4 b4 5. Bg5 Qb6 6. a5 Qd6 7. c4 Ne4 8. Bh4 Qh6
9. Nbd2 f5 10. Qc1 Nxd2 11. Qxd2 Qxd2+ 12. Nxd2 e5 13. dxe6 dxe6 14. g4 Bb7 15.
Rg1 Nd7 16. gxf5 exf5 17. Bh3 g6 18. e4 Bh6 19. Bg5 Bxg5 20. Rxg5 Ne5 21. exf5
Nd3+ 22. Kf1 O-O 23. Rg3 Rad8 24. Nb3 Ba6 25. Kg1 Bxc4 26. Nd2 Bb5 27. Ne4 Nf4
28. Bg4 h5 29. Bxh5 Nxh5 30. Rxg6+ Kf7 31. Re1 Rfe8 32. Ng5+ Kf8 33. Nh7+ Kf7
34. Ng5+ Kf8 35. Ne6+ Kf7 36. Rg5 Nf4 37. Nxd8+ Rxd8 38. Rg4 Ne2+ 39. Kg2 Rd2
40. h4 Bc6+ 41. Kf1 Nd4 42. h5 Nf3 43. Rc1 Rxb2 44. Rg6 Bb5+ 45. Kg2 Nh4+ 46.
Kg3 Nxg6 47. fxg6+ Kf6 48. Rxc5 a6 49. Rc7 Rb1 50. Rf7+ Ke6 51. Rf3 Bc6 52.
Re3+ Kf6 53. Rd3 Rc1 54. Rd4 b3 55. Rb4 Bd5 56. Rb6+ Kg7 57. Kf4 Rc5 58. Ke3
Rxa5 59. Kd4 Rb5 0-1

[Event "HZ Chess Tournament 2023"]
[Site "Vlissingen, Netherlands"]
[Date "2023.08.09"]
[Round "6.10"]
[White "Verweij, David"]
[Black "Van der Kaap, Jos"]
[Result "0-1"]
[WhiteElo "1931"]
[BlackElo "2224"]
[PlyCount "72"]

1. Nf3 Nf6 2. g3 g6 3. Bg2 d5 4. O-O Bg7 5. d3 O-O 6. Nbd2 d4 7. e4 dxe3 8.
fxe3 c5 9. Nb3 Qc7 10. e4 c4 11. dxc4 Qxc4 12. Ne5 Qc7 13. Bf4 g5 14. Bxg5 Qxe5
15. Bf4 Qh5 16. Qe1 Nc6 17. e5 Ng4 18. h3 Ngxe5 19. g4 Qg6 20. Qh4 Qxc2 21.
Rae1 Ng6 22. Qg3 Qxb2 23. h4 Nxf4 24. Qxf4 Be6 25. Rf2 Qc3 26. Re3 Qb4 27. Be4
Qd6 28. Qg5 Qd1+ 29. Kh2 Qxg4 30. Qc5 Rad8 31. Bc2 Rd5 32. Qa3 Rh5 33. Rg2
Qxh4+ 34. Kg1 Rg5 35. Qc1 Rxg2+ 36. Kxg2 Bd5+ 0-1

[Event "HZ Chess Tournament 2023"]
[Site "Vlissingen, Netherlands"]
[Date "2023.08.09"]
[Round "6.11"]
[White "Hekhuis, Jeroen"]
[Black "Van Wely, Loek"]
[Result "0-1"]
[WhiteElo "2123"]
[BlackElo "2644"]
[PlyCount "58"]

1. Nf3 Nf6 2. g3 b5 3. Bg2 Bb7 4. O-O e6 5. b3 c5 6. Bb2 Be7 7. c4 a6 8. e3 O-O
9. Nc3 bxc4 10. bxc4 Nc6 11. Qe2 Rb8 12. Rab1 Qc7 13. d3 Rfd8 14. Rfc1 h6 15.
Nd2 Ba8 16. Nce4 Ne8 17. Nb3 Nb4 18. Bc3 f5 19. Nexc5 Bxg2 20. Bxb4 Ba8 21. a3
Bxc5 22. Nxc5 a5 23. e4 fxe4 24. dxe4 Qa7 25. Nd3 axb4 26. axb4 Nf6 27. Nc5 Qb6
28. Rd1 Qc6 29. f3 Rxb4 0-1

[Event "HZ Chess Tournament 2023"]
[Site "Vlissingen, Netherlands"]
[Date "2023.08.09"]
[Round "6.13"]
[White "Pham, Khoi"]
[Black "Wagenvoorde, Guido"]
[Result "1-0"]
[WhiteElo "2361"]
[BlackElo "2104"]
[PlyCount "147"]

1. e4 c5 2. Nf3 e6 3. d4 cxd4 4. Nxd4 Nc6 5. Nc3 Qc7 6. Be3 a6 7. Qf3 h5 8. Qg3
Qxg3 9. hxg3 b5 10. Nxc6 dxc6 11. Be2 Bb7 12. Rxh5 Rxh5 13. Bxh5 Nf6 14. Bf3
Nd7 15. a4 O-O-O 16. O-O-O Be7 17. Be2 Rh8 18. f3 Rh2 19. Bf1 b4 20. Nb1 Bc5
21. Bxc5 Nxc5 22. b3 e5 23. Nd2 Ne6 24. Nc4 f6 25. Nd6+ Kc7 26. Nf5 Bc8 27. Kd2
g6 28. Ne3 Nd4 29. Ke1 Rh1 30. Kf2 a5 31. Bd3 Rh8 32. Nc4 Ba6 33. Nxa5 Bxd3 34.
Rxd3 Nxc2 35. Nc4 Rh1 36. f4 Rb1 37. fxe5 fxe5 38. Nxe5 Na1 39. a5 Nxb3 40.
Rd7+ Kc8 41. a6 Nc5 42. a7 Ra1 43. Rh7 b3 44. Nc4 Nd7 45. e5 Rxa7 46. e6 Ra2+
47. Kf3 Nf6 48. Nd6+ Kb8 49. Rb7+ Ka8 50. Rxb3 Rd2 51. Nc4 Rd4 52. Ne5 Rd6 53.
e7 Re6 54. Nxg6 Nd5 55. Nf4 Rxe7 56. Nxd5 cxd5 57. Kf4 Re2 58. Rd3 Kb7 59. Rxd5
Kc6 60. Rd1 Rf2+ 61. Kg5 Rf8 62. g4 Rg8+ 63. Kf5 Rf8+ 64. Ke6 Rg8 65. Rd4 Kc5
66. Ra4 Kb5 67. Re4 Kc6 68. Kf7 Kd5 69. Ra4 Rb8 70. g5 Ke5 71. Ra5+ Kf4 72. g6
Rb7+ 73. Kg8 Rb8+ 74. Kh7 1-0